000 00746cas a22002055a 4500
001 L139421
008 070726c19301932xxkmr p 0 a0eng u
035 _a(Sirsi) u139421
041 0 _aeng
110 2 _aIncorporated Society of Auctioneers and Landed Property Agents
_94878
245 0 4 _aThe Journal of the Incorporated Society of Auctioneers and Landed Property Agents
260 _aLondon
_bISALPA
_c1930-1932
362 0 _a4(42) June 1930-6(62) February 1932
554 _a12 per year
651 4 _aEngland and Wales
_y1543-
690 _aPROPERTY
780 0 0 _tISAPA
_bBeing the Official Monthly Organ of the Incorporated Society of Auctioneers and Landed Property Agents
785 0 0 _tIncorporated Auctioneers Journal
942 _n0
999 _c119092
_d119092